członkowie xayoo industries speedrun - Statystyki

Ogólne statystyki
  • Ten quiz został rozwiązany 4 838 razy
  • Średni wynik to 9 z 15
Statystyki odpowiedzi
kox % Poprawnych
1 xayoo
99%
4 japczan
92%
3 popo
91%
11 luki
77%
7 dejvid
69%
14 suchar
69%
9 holak
61%
10 aki
58%
2 vysotzky
58%
15 młody
54%
13 paramaxil
41%
12 matixoxo
32%
8 derpshaco
23%
6 tobiasz
22%
5 snorlax
16%
Nie znaleziono quizów pasujących do podanych kryteriów
Rozkład punktacji
Procent ludzi z każdym wynikiem
Percentyl według liczby udzielonych odpowiedzi
Twoja historia wyników
Nie rozwiązałeś tego quizu